Geografía 3 : américa, sociedad, naturaleza y diversidad /
Guardado en:
| Autor Principal: | |
|---|---|
| Otros Autores: | |
| Formato: | Libro |
| Publicado: |
Buenos Aires :
Santillana,
2008
|
| Series: | Nuevamente
|
| Materias: | |
| Etiquetas: |
Agregar Etiqueta
Sin Etiquetas, Sea el primero en etiquetar este registro!
|
| LEADER | 00928nam a22002295a 4500 | ||
|---|---|---|---|
| 001 | CEM.cems013092 | ||
| 005 | 20090403093007.0 | ||
| 008 | 130507s2008##################000#0#####d | ||
| 003 | CEMS | ||
| 020 | |a 9789504620914 | ||
| 082 | 0 | 4 | |a Z918 |
| 100 | 1 | |a Bertoncello, Rodolfo | |
| 245 | 1 | 0 | |a Geografía 3 : |b américa, sociedad, naturaleza y diversidad / |c Rodolfo Bertoncello, Andrea B. Salleras |
| 260 | |a Buenos Aires : |b Santillana, |c 2008 | ||
| 300 | |a 224 p. | ||
| 490 | 0 | |a Nuevamente | |
| 505 | 0 | |a América: unidad y diversidad -- América: ayer y hoy -- América, sus condiciones naturales -- América y sus habitantes -- Las economías americanas -- El aprovechamiento de los recursos -- Las actividades primarias -- La industria y los servicios | |
| 653 | |a América | ||
| 653 | |a Geografía de américa | ||
| 653 | |a Geografía | ||
| 700 | 1 | |a Salleras, Andrea B. | |
| 859 | |a CEMS |b BIB. CEMS - 11 de abril |h Z918 |i B462-2 |p 25544.09 |t Ej.1 | ||
